Welcome to WEB OPAC of MRSPTU Central Library

Heterocyclic Chemistry-II (Record no. 6741)

MARC details
000 -LEADER
fixed length control field 00446nam a2200181Ia 4500
008 - FIXED-LENGTH DATA ELEMENTS--GENERAL INFORMATION
fixed length control field 230711s9999||||xx |||||||||||||| ||und||
020 ## - INTERNATIONAL STANDARD BOOK NUMBER
International Standard Book Number 978-81-8128-220-0
041 ## - LANGUAGE CODE
Language code of text/sound track or separate title ENG
082 ## - DEWEY DECIMAL CLASSIFICATION NUMBER
Classification number 547.59
Item number GU-H
100 ## - MAIN ENTRY--PERSONAL NAME
Personal name Gupta,R.R
245 #0 - TITLE STATEMENT
Title Heterocyclic Chemistry-II
Remainder of title Five Membered Heterocycles
250 ## - EDITION STATEMENT
Edition statement 3rd Ed.
260 ## - PUBLICATION, DISTRIBUTION, ETC.
Date of publication, distribution, etc. 2013
Place of publication, distribution, etc. Berlin
Name of publisher, distributor, etc. Springer-Verlag
300 ## - PHYSICAL DESCRIPTION
Extent 638p.
650 ## - SUBJECT ADDED ENTRY--TOPICAL TERM
Topical term or geographic name entry element Chemistry
700 ## - ADDED ENTRY--PERSONAL NAME
Personal name Kumar,M
942 ## - ADDED ENTRY ELEMENTS (KOHA)
Koha item type Book
Holdings
Withdrawn status Lost status Damaged status Not for loan Collection Home library Current library Date acquired Source of acquisition Cost, normal purchase price Inventory number Total checkouts Full call number Barcode Date last seen Date last checked out Price effective from Koha item type
          MRSPTU Central Library MRSPTU Central Library 10/09/2043 Krishna Book Distributors 275.00 KBD/2017-2018/1019943059 2 547.59 GU-H 40138 08/12/2024 08/12/2024 08/17/2023 Book
          MRSPTU Central Library MRSPTU Central Library 10/09/2043 Krishna Book Distributors 275.00 KBD/2017-2018/1019943059 5 547.59 GU-H 40139 01/21/2026 11/17/2025 08/17/2023 Book
          MRSPTU Central Library MRSPTU Central Library 10/09/2043 Krishna Book Distributors 275.00 KBD/2017-2018/1019943059 3 547.59 GU-H 40140 11/03/2025 10/13/2025 08/17/2023 Book
          MRSPTU Central Library MRSPTU Central Library 10/09/2043 Krishna Book Distributors 275.00 KBD/2017-2018/1019943059 6 547.59 GU-H 40141 01/02/2026 12/16/2025 08/17/2023 Book
          MRSPTU Central Library MRSPTU Central Library 10/09/2043 Krishna Book Distributors 275.00 KBD/2017-2018/1019943059 6 547.59 GU-H 40142 01/14/2026 12/23/2025 08/17/2023 Book

Website Designed and Developed by MRSPTU Central Library Team

E-mail Id: librarian@mrsptu.ac.in